00448 2200169 4500001002100000008004100021035002000062245005000082110002300132250001100155260003300166020001800199084001600217082001000233650002200243990001300265INLIS000000000000776 ind  a0010-0120000776 aIlmuwan MuslimbIbnu ZahrcTim Pustaka Fathin aTim Pustaka Fathin aCet. 1 aSolo:bTiga Serangkai,c2005 a979-668-348-2 a2X9.7 ILM i a2X9.7 aTokoh Agama Islam a11900288